Trois ours (Les)
| Auteur principal : | Paul Galdone |
|---|---|
| Autres auteurs : | Emilie Fargeas Evelyne Cévin |
| Titre : | Trois ours (Les) |
| Support : | Livres |
| Langue : | Francais |
| Publié : |
DL 2007 Circonflexe Paris |
| Genre : |
Conte |
| Collection : |
Aux couleurs du temps |
| Sujets : | |
| Étiquettes : |
Pas de tags
|
| LEADER | 00784nam0a2200205 450 | ||
|---|---|---|---|
| 001 | 16813455 | ||
| 010 | |a 978-2-87833-410-4 |b rel. |d 13 | ||
| 100 | |a 20070823d2026 u u0frey01 ba | ||
| 101 | 1 | |a fre |c | |
| 102 | |a FR | ||
| 200 | 0 | |a Trois ours (Les) |d The Tree Bears |f Paul Galdone, Emilie Fargeas, Evelyne Cévin |g Adaptation de l'américain par Emile Fargeas - Préface d'Evelyne Cévin | |
| 210 | |a Paris |b 26, rue des Ecoles. |c Circonflexe |d DL 2007 | ||
| 215 | |a (livre non paginé) 40 p. |c ill. coul. |d 23 cm | ||
| 225 | 1 | |a Aux couleurs du temps | |
| 700 | 0 | |a Galdone |b Paul |f 1907-1986 |4 70 | |
| 701 | 0 | |a Fargeas |b Emilie |4 10 | |
| 701 | 0 | |a Cévin |b Evelyne |4 80 | |
| 900 | |a Conte | ||
| 901 | |a Jeunesse | ||
| 995 | |a Médiathèque |c Médiathèque |f 089009317 |h 089009317 |k C GAL |o p |q j |r az |e Médiathèque | ||